| 000 | 00435nam a22001697a 4500 | ||
|---|---|---|---|
| 999 |
_c11599 _d11599 |
||
| 003 | OSt | ||
| 008 | 221201b ||||| |||| 00| 0 eng d | ||
| 020 | _a9788125914426 | ||
| 082 | _a338.14 SIR | ||
| 100 | _aSINGH, Sukhpal | ||
| 245 | _aRural Marketing: Focus on Agricultural Inputs | ||
| 250 | _aReprint | ||
| 260 |
_aNoida _bVikas Publishing House Pvt. Ltd. _c2018 |
||
| 300 | _a138 p. | ||
| 650 | _aCommerce | ||
| 942 |
_2ddc _cBK _01 |
||